Position of Freelance Jobs in the Marketplace of Slovak Republic

Slobodné povolania na Slovensku a problémy s nimi spojené. Základná charakteristika slobodného povolania. Klasifikácia slobodných povolaní. Charakteristika profesií. Regulácia podnikových subjektov v oblasti slobodných povolaní na Slovensku. Etika a právny systém.

Salvato in:
Dettagli Bibliografici
Autore principale: Foltínová, Alžbeta
Altri autori: Dubcová, Gabriela, 1968-
Natura: Capitolo di libro
Lingua:inglese
Soggetti:
Tags: Aggiungi Tag
Nessun Tag, puoi essere il primo ad aggiungerne!!

MARC

LEADER 00000naa$a2200000$$$4500
001 0064393
005 20240502083155.1
041 0 |a eng 
044 |a CZ 
245 1 0 |a Position of Freelance Jobs in the Marketplace of Slovak Republic  |c Alžbeta Foltínová, Gabriela Dubcová 
520 |a Slobodné povolania na Slovensku a problémy s nimi spojené. Základná charakteristika slobodného povolania. Klasifikácia slobodných povolaní. Charakteristika profesií. Regulácia podnikových subjektov v oblasti slobodných povolaní na Slovensku. Etika a právny systém. 
610 2 0 |a povolania 
610 2 0 |a práca 
610 2 0 |a trh práce 
610 2 0 |a nezávislosť 
610 2 0 |a etika 
610 2 0 |a legislatíva 
610 2 0 |a Slovensko 
100 1 |a Foltínová, Alžbeta 
700 1 |a Dubcová, Gabriela, 1968-